Quick Pick: Television 'G' Shows Quiz Stats

 Plays Quiz Updated Dec 14, 2018

Support Sporcle.
Go Orange.
Score 0/10 Timer 01:00
1 Play Today
% Correct
Get Smart
95.9%
Green Acres
93.9%
Gunsmoke
91.6%
Guiding Light
85.9%
The Gong Show
84.6%
The Girls Next Door
80.7%
The Ghost and Mrs. Muir
75.7%
Gentle Ben
74.4%
Girlfriends
72.7%
Gargoyles
56.8%

Today's Daily Dose

You're not logged in!

Compare scores with friends on all Sporcle quizzes.
OR
Log In
Forgot?

From the Vault

Almost Useless Trivia XV

by tapedispenser

Does anyone know any trivia that's actually useful?
Remove Ads.
Support Sporcle.
Get the best of Sporcle when you Go Orange. This ad-free experience offers more features, more stats, and more fun while also helping to support Sporcle. Thank you for becoming a member.

Show Comments

Extras

Top Quizzes Today


Score Distribution

Your Account Isn't Verified!

In order to create a playlist on Sporcle, you need to verify the email address you used during registration. Go to your Sporcle Settings to finish the process.

Report this User

Report this user for behavior that violates our Community Guidelines.

Details: